00325nam a22000977a 4500008004100000020001500041082001600056245008700072260005800159300001000217230605b xxu||||| |||| 00| 0 eng d a9966968202 a327.16bMWA aConflict In AfricabTheory, Process And Institutions of ManagementcMakumi Mwagiru aNairobibCenter For Conflict Research Research c2000 a184 p